[Event "XVII Navalmoral Open"]
[Site "Navalmoral de la Mata ESP"]
[Date "2011.12.07"]
[Round "8"]
[White "Guliyev,N"]
[Black "Asis Gargatagli,H"]
[Result "1/2-1/2"]
[WhiteTitle "GM"]
[BlackTitle "IM"]
[WhiteElo "2549"]
[BlackElo "2444"]
[WhiteFideId "13400363"]
[BlackFideId "2260735"]
[EventDate "2011.12.03"]

1. e4 c5 2. Nf3 d6 3. d4 cxd4 4. Nxd4 Nf6 5. Nc3 a6 6. Be3 e5 7. Nf3 Qc7 8. a4
Be7 9. Be2 O-O 10. a5 Nc6 11. Bb6 Qd7 12. Nd2 Nd4 13. O-O Nxe2+ 14. Qxe2 Qc6 15.
Rfd1 Be6 16. Nf1 Rfe8 17. Qd3 Nd7 18. Be3 Bc4 19. Qd2 Rac8 20. Ng3 g6 21. h3 Be6
22. Nge2 Nf6 23. Ng3 Red8 24. Bg5 b5 25. axb6 Qxb6 26. Rab1 Rc4 27. Qd3 Kg7 28.
b3 Rd4 29. Qf3 Rc8 30. Nge2 Rxd1+ 31. Rxd1 Qb4 32. Rd3 h6 33. Bxf6+ Bxf6 34. Ng3
Bd8 35. Qe3 Bb6 36. Qd2 Ba5 37. Nge2 Qa3 38. Kh2 Bb4 39. h4 h5 40. Rg3 Qb2 41.
Qd3 a5 42. f4 exf4 43. Qd4+ Kg8 44. Rd3 1/2-1/2

[Event "XVII Navalmoral Open"]
[Site "Navalmoral de la Mata ESP"]
[Date "2011.12.07"]
[Round "8"]
[White "Barria Zuniga,D"]
[Black "Sanikidze,T"]
[Result "1/2-1/2"]
[WhiteTitle "IM"]
[BlackTitle "GM"]
[WhiteElo "2438"]
[BlackElo "2531"]
[WhiteFideId "3400816"]
[BlackFideId "13602608"]
[EventDate "2011.12.03"]

1. d4 Nf6 2. c4 e6 3. Nf3 d5 4. Nc3 Bb4 5. Qa4+ Nc6 6. e3 O-O 7. Qc2 dxc4 8.
Bxc4 Bd6 9. O-O e5 10. d5 Nb4 11. Qb1 e4 12. Nxe4 Nxe4 13. Qxe4 Re8 14. Qb1 Bg4
15. Nd4 Qh4 16. g3 Qh5 17. e4 Bc5 18. Be3 Bxd4 19. Bxd4 Bf3 20. Re1 Qg4 21. Bc3
Rxe4 22. Rxe4 Bxe4 23. Qd1 Bf3 24. Qb3 b5 25. Bxb5 Nxd5 26. Re1 Nf4 27. Qb4 c6 1/2-1/2

[Event "XVII Navalmoral Open"]
[Site "Navalmoral de la Mata ESP"]
[Date "2011.12.07"]
[Round "8"]
[White "Pogorelov,R"]
[Black "Campora,D"]
[Result "1/2-1/2"]
[WhiteTitle "GM"]
[BlackTitle "GM"]
[WhiteElo "2412"]
[BlackElo "2493"]
[WhiteFideId "14100363"]
[BlackFideId "100013"]
[EventDate "2011.12.03"]

1. Nf3 c5 2. c4 Nc6 3. d4 cxd4 4. Nxd4 Nf6 5. Nc3 d6 6. e4 g6 7. Be2 Bg7 8. Be3
O-O 9. O-O Bd7 10. Qd2 Rc8 11. f3 b6 1/2-1/2

[Event "XVII Navalmoral Open"]
[Site "Navalmoral de la Mata ESP"]
[Date "2011.12.07"]
[Round "9"]
[White "Teske,H"]
[Black "Shanava,K"]
[Result "0-1"]
[WhiteTitle "GM"]
[BlackTitle "GM"]
[WhiteElo "2538"]
[BlackElo "2576"]
[WhiteFideId "4611500"]
[BlackFideId "13601784"]
[EventDate "2011.12.03"]

1. Nf3 g6 2. d4 Bg7 3. c4 c5 4. e3 Nf6 5. Nc3 O-O 6. Be2 cxd4 7. exd4 d5 8. O-O
Nc6 9. Be3 dxc4 10. Bxc4 Na5 11. Bd3 Be6 12. Qe2 Rc8 13. Rfe1 Bc4 14. Rad1 Nd5
15. Bg5 Re8 16. Bxc4 Nxc4 17. Ne4 Nd6 18. Nc5 b6 19. Nb3 Qd7 20. a3 h6 21. Bc1
Qf5 22. Na1 Rc7 23. Ne5 Rec8 24. h3 h5 25. Nf3 Bf6 26. Be3 a5 27. Kh2 a4 28. g3
Nxe3 29. fxe3 Ne4 30. Rf1 Qd5 31. Qd3 h4 32. Nxh4 Bxh4 33. gxh4 Qd6+ 34. Rf4 Nf2
35. Qf1 Nxd1 36. Qxd1 Rc1 37. Qg4 Qc6 0-1

[Event "XVII Navalmoral Open"]
[Site "Navalmoral de la Mata ESP"]
[Date "2011.12.07"]
[Round "9"]
[White "Campora,D"]
[Black "Fier,A"]
[Result "1-0"]
[WhiteTitle "GM"]
[BlackTitle "GM"]
[WhiteElo "2493"]
[BlackElo "2573"]
[WhiteFideId "100013"]
[BlackFideId "2107139"]
[EventDate "2011.12.03"]

1. e4 c5 2. Nf3 e6 3. d4 cxd4 4. Nxd4 Nf6 5. Bd3 Nc6 6. Nxc6 bxc6 7. O-O d5 8.
Nd2 Be7 9. c4 O-O 10. Qc2 g6 11. e5 Nd7 12. Nf3 a5 13. Bh6 Re8 14. Rfe1 Nc5 15.
Bf1 Ba6 16. b3 Qb8 17. Rab1 Qb7 18. h4 Ne4 19. h5 Bc5 20. Rxe4 dxe4 21. Qxe4 Bf8
22. Qf4 Qe7 23. Bg5 Qc7 24. Bf6 Be7 25. Qh6 Bf8 26. Qg5 Rad8 27. Re1 c5 28. Nh2
h6 29. Qg3 Bg7 30. Ng4 Rd4 31. hxg6 fxg6 32. Nxh6+ Kh7 33. Ng4 Rh8 34. Bd3 Qf7
35. Re3 Bb7 36. f4 Kg8 37. Bg5 Kf8 38. Nf6 Bc6 39. Qe1 Qa7 40. Bxg6 a4 41. Nh5
Bh6 42. Qh4 Bxg5 43. Qxg5 Qe7 44. Nf6 Rd2 45. Rg3 axb3 46. axb3 Rd1+ 47. Kf2 Qa7
48. Bh5 Rd2+ 49. Ke3 Be8 50. Qg8+ Rxg8 51. Rxg8+ Ke7 52. Rxe8# 1-0

[Event "XVII Navalmoral Open"]
[Site "Navalmoral de la Mata ESP"]
[Date "2011.12.07"]
[Round "9"]
[White "Garcia Romero,B"]
[Black "Guliyev,N"]
[Result "0-1"]
[BlackTitle "GM"]
[WhiteElo "2184"]
[BlackElo "2549"]
[WhiteFideId "2221926"]
[BlackFideId "13400363"]
[EventDate "2011.12.03"]

1. c4 e5 2. Nc3 Nf6 3. g3 Bb4 4. Bg2 Bxc3 5. dxc3 O-O 6. Qc2 d6 7. Bg5 Nbd7 8.
h3 h6 9. Be3 Qe7 10. Nf3 e4 11. Nd2 Re8 12. O-O-O b6 13. g4 Bb7 14. Rde1 c5 15.
Rhg1 a6 16. f4 b5 17. Nf1 Nb6 18. cxb5 axb5 19. Kb1 Ra6 20. Ng3 Bd5 21. b3 Rea8
22. Bc1 Rxa2 23. Qxa2 Rxa2 24. Kxa2 Qa7+ 0-1

[Event "XVII Navalmoral Open"]
[Site "Navalmoral de la Mata ESP"]
[Date "2011.12.07"]
[Round "9"]
[White "Asis Gargatagli,H"]
[Black "Del Rio de Angelis,S"]
[Result "1-0"]
[WhiteTitle "IM"]
[BlackTitle "GM"]
[WhiteElo "2444"]
[BlackElo "2534"]
[WhiteFideId "2260735"]
[BlackFideId "2203138"]
[EventDate "2011.12.03"]

1. e4 e6 2. d4 d5 3. Nd2 c5 4. Ngf3 Nc6 5. Bb5 a6 6. exd5 axb5 7. dxc6 bxc6 8.
dxc5 Bxc5 9. O-O Nf6 10. Qe2 O-O 11. Nb3 Bd6 12. Bg5 h6 13. Bh4 Be7 14. Nbd4 Qd5
15. Rfd1 Qc5 16. Ne5 Nd5 17. Nb3 Qb6 18. Rxd5 exd5 19. Bxe7 Re8 20. Bc5 Qc7 21.
f4 Bf5 22. Nd4 Be4 23. Qg4 f6 24. Nd3 1-0

[Event "XVII Navalmoral Open"]
[Site "Navalmoral de la Mata ESP"]
[Date "2011.12.07"]
[Round "9"]
[White "Sanikidze,T"]
[Black "Aloma Vidal,R"]
[Result "0-1"]
[WhiteTitle "GM"]
[BlackTitle "IM"]
[WhiteElo "2531"]
[BlackElo "2424"]
[WhiteFideId "13602608"]
[BlackFideId "2260409"]
[EventDate "2011.12.03"]

1. d4 Nf6 2. c4 g6 3. Nc3 Bg7 4. e4 d6 5. f3 O-O 6. Be3 Nc6 7. Nge2 a6 8. Qd2
Rb8 9. Nc1 e5 10. d5 Nd4 11. Nb3 c5 12. dxc6 bxc6 13. Nxd4 exd4 14. Bxd4 Re8 15.
Be2 d5 16. cxd5 cxd5 17. e5 Nd7 18. f4 Bh6 19. Be3 Nxe5 20. fxe5 Bxe3 21. Qxe3
d4 22. Qf4 dxc3 23. bxc3 Rb2 24. Rd1 Qc7 25. Qc1 Rxa2 26. Rd2 Rxd2 27. Qxd2 Qxe5
28. Kf2 Bb7 29. Bf3 Bxf3 30. gxf3 Rc8 31. Qd4 Qc7 32. Qa4 Qb6+ 33. Qd4 Qb2+ 34.
Kg3 Qxc3 35. Qxc3 Rxc3 36. Ra1 Rc6 37. Kf4 Kg7 38. Ke3 Rf6 39. f4 a5 40. Ke4 Rf5
41. Kf3 Kf6 42. Rb1 Ke6 43. Rb7 Kd6 0-1

[Event "XVII Navalmoral Open"]
[Site "Navalmoral de la Mata ESP"]
[Date "2011.12.07"]
[Round "9"]
[White "Mirzoev,A"]
[Black "Barria Zuniga,D"]
[Result "1-0"]
[WhiteTitle "GM"]
[BlackTitle "IM"]
[WhiteElo "2510"]
[BlackElo "2438"]
[WhiteFideId "13400304"]
[BlackFideId "3400816"]
[EventDate "2011.12.03"]

1. d4 Nf6 2. c4 e6 3. Nc3 c5 4. d5 exd5 5. cxd5 d6 6. Nf3 a6 7. a4 g6 8. Bf4 Bg7
9. e3 O-O 10. Be2 Bg4 11. h3 Bxf3 12. Bxf3 Qe7 13. O-O Nbd7 14. Qc2 Ne5 15. Be2
Nfd7 16. Bh2 f5 17. Kh1 Kh8 18. f4 Nf7 19. e4 Nh6 20. Bf3 fxe4 21. Bxe4 Nf5 22.
Bxf5 gxf5 23. Rae1 Qd8 24. Re6 Nb6 25. Rfe1 Nc8 26. Bg3 b6 27. R1e2 Kg8 28. Be1
Ra7 29. Qd3 Ra8 30. b3 Ra7 31. Nd1 Qd7 32. Ne3 Qf7 33. Nc4 Qd7 34. Bc3 Qd8 35.
Bxg7 Kxg7 36. Kh2 b5 37. axb5 axb5 38. Nd2 b4 39. Nc4 Qd7 40. g3 Qd8 41. h4 Qc7
42. Qf3 Qd8 43. Qh5 Qc7 44. Qh6+ 1-0

[Event "XVII Navalmoral Open"]
[Site "Navalmoral de la Mata ESP"]
[Date "2011.12.07"]
[Round "9"]
[White "Koziak,V"]
[Black "Pogorelov,R"]
[Result "1-0"]
[WhiteTitle "IM"]
[BlackTitle "GM"]
[WhiteElo "2494"]
[BlackElo "2412"]
[WhiteFideId "14102234"]
[BlackFideId "14100363"]
[EventDate "2011.12.03"]

1. e4 c5 2. Nf3 Nc6 3. d4 cxd4 4. Nxd4 Qb6 5. Nb3 Nf6 6. Nc3 e6 7. Bd3 Be7 8. f4
d6 9. Qf3 O-O 10. Be3 Qc7 11. O-O-O a6 12. g4 Nd7 13. g5 Re8 14. h4 b5 15. g6
fxg6 16. h5 g5 17. fxg5 Nde5 18. Qh3 Bd7 19. Kb1 b4 20. Ne2 a5 21. Nbd4 Nxd4 22.
Nxd4 Bf8 23. g6 h6 24. Be2 a4 25. Bc1 a3 26. b3 Rac8 27. Rhf1 Qc5 28. Qg2 Qc3
29. Bb5 Bxb5 30. Nxb5 Qc5 31. Qe2 Rb8 32. Nd4 Nc6 33. Nxc6 Qxc6 34. Rf7 Rbc8 35.
Rd3 d5 36. e5 Rc7 37. Rxc7 Qxc7 38. Rf3 Rc8 39. Rf2 Qc6 40. Qf3 Qc7 41. Qg4 Re8 1-0

[Event "25th Belgrade Trophy"]
[Site "Obrenovac SRB"]
[Date "2011.12.01"]
[Round "8.3"]
[White "Strikovic,A"]
[Black "Sarenac,I"]
[Result "1-0"]
[WhiteTitle "GM"]
[WhiteElo "2564"]
[BlackElo "2327"]
[WhiteFideId "900150"]
[BlackFideId "938165"]
[EventDate "2011.11.24"]

1. Nf3 Nf6 2. g3 g6 3. b3 d5 4. c4 c6 5. Bb2 Bg7 6. Bg2 O-O 7. O-O Nbd7 8. Qc2
Re8 9. cxd5 cxd5 10. Nc3 a6 11. Rac1 Nb6 12. d4 Bf5 13. Qd2 Qd6 14. Ne5 Nbd7 15.
Nxd7 Bxd7 16. f3 h5 17. e4 dxe4 18. Nxe4 Qb6 19. Nc5 Bc6 20. f4 e6 21. Na4 Bxa4
22. bxa4 Rac8 23. a5 Qb5 24. Ba3 Nd5 25. Bc5 Bf8 26. f5 Rxc5 27. fxg6 fxg6 28.
dxc5 Bxc5+ 29. Kh1 Ne3 30. Rf6 Kh7 31. Be4 Rg8 32. Rf7+ Kh6 33. Rf3 1-0

[Event "25th Belgrade Trophy"]
[Site "Obrenovac SRB"]
[Date "2011.12.01"]
[Round "8.4"]
[White "Filip,L"]
[Black "Neverov,V"]
[Result "1/2-1/2"]
[WhiteTitle "IM"]
[BlackTitle "GM"]
[WhiteElo "2471"]
[BlackElo "2537"]
[WhiteFideId "1208900"]
[BlackFideId "14100150"]
[EventDate "2011.11.24"]

1. Nf3 Nf6 2. c4 e6 3. g3 b6 4. Bg2 Bb7 5. O-O Be7 6. Nc3 O-O 7. Re1 Ne4 8. Nxe4
Bxe4 9. d3 Bb7 10. e4 c5 11. d4 cxd4 12. Nxd4 d6 13. b3 Nd7 14. Bb2 Qb8 15. Qg4
Ne5 16. Qe2 Rc8 17. Rad1 a6 18. f4 Nc6 19. Qg4 Bf8 20. f5 Ne5 21. Qe2 Re8 22.
fxe6 fxe6 23. Nf3 Nxf3+ 24. Bxf3 b5 25. e5 Ra7 26. Bxb7 Rxb7 1/2-1/2

[Event "25th Belgrade Trophy"]
[Site "Obrenovac SRB"]
[Date "2011.12.01"]
[Round "8.7"]
[White "Pancevski,F"]
[Black "Pap,M"]
[Result "1/2-1/2"]
[WhiteTitle "IM"]
[BlackTitle "GM"]
[WhiteElo "2442"]
[BlackElo "2511"]
[WhiteFideId "15002187"]
[BlackFideId "921610"]
[EventDate "2011.11.24"]

1. g3 e5 2. Bg2 d6 3. c4 f5 4. Nc3 Nf6 5. d3 c6 6. e4 Be7 7. Nge2 fxe4 8. dxe4
Be6 9. b3 a6 10. f4 Nbd7 11. a4 a5 12. h3 Qb6 13. Rb1 h5 14. Qc2 O-O-O 15. Nd5
cxd5 16. cxd5+ Kb8 17. dxe6 Rc8 18. Qd3 Nc5 19. Qe3 Nfxe4 20. O-O Qb4 21. Kh2 h4
22. g4 d5 23. fxe5 Nxe6 24. Qd3 Rhd8 25. Rf7 Bg5 26. Bxg5 N4xg5 27. Rff1 d4 28.
Rfd1 Qc5 29. b4 axb4 30. Kh1 Rc7 31. Re1 1/2-1/2

[Event "25th Belgrade Trophy"]
[Site "Obrenovac SRB"]
[Date "2011.12.01"]
[Round "8.8"]
[White "Pikula,D"]
[Black "Nikcevic,N"]
[Result "1-0"]
[WhiteTitle "GM"]
[BlackTitle "GM"]
[WhiteElo "2535"]
[BlackElo "2412"]
[WhiteFideId "906379"]
[BlackFideId "901776"]
[EventDate "2011.11.24"]

1. e4 e5 2. Bc4 Nf6 3. d3 c6 4. Qe2 Be7 5. Nf3 O-O 6. Bb3 d6 7. c3 Nbd7 8. h3
Re8 9. O-O Bf8 10. Re1 a5 11. Nbd2 a4 12. Bc2 d5 13. Nf1 dxe4 14. dxe4 Nc5 15.
Ng3 Qc7 16. Bg5 Nfd7 17. Be3 Ne6 18. b3 b6 19. Red1 Ba6 20. Qd2 Rad8 21. Qc1 Nf4
22. bxa4 Nc5 23. Rxd8 Rxd8 24. Nxe5 Nxh3+ 25. gxh3 Qxe5 26. Bd4 Qc7 27. Rb1 Bc4
28. Qe3 Re8 29. a5 Ne6 30. axb6 Qb8 31. Ba4 Qb7 32. Nf5 Ra8 33. Bb3 Bxb3 34.
Rxb3 c5 35. Be5 Ra6 36. Bc7 Nxc7 37. Nh6+ Kh8 38. Nxf7+ Kg8 39. Nd8 Qb8 40. Qd3
Ne6 41. Nxe6 Rxb6 42. Qd5 1-0

[Event "25th Belgrade Trophy"]
[Site "Obrenovac SRB"]
[Date "2011.12.01"]
[Round "8.10"]
[White "Lajthajm,B"]
[Black "Menkinoski,R"]
[Result "1-0"]
[WhiteTitle "GM"]
[BlackTitle "FM"]
[WhiteElo "2500"]
[BlackElo "2349"]
[WhiteFideId "916358"]
[BlackFideId "15001261"]
[EventDate "2011.11.24"]

1. d4 Nf6 2. c4 e6 3. Nf3 Bb4+ 4. Nbd2 O-O 5. g3 d6 6. Bg2 Nc6 7. O-O Bxd2 8.
Bxd2 e5 9. dxe5 dxe5 10. Bc3 Qe7 11. Qc2 Bg4 12. b3 Rfe8 13. Rfd1 Nd7 14. Nh4
Qf6 15. Qe4 Be6 16. Qe3 h6 17. Bxc6 bxc6 18. Rd2 Bh3 19. Nf3 Qe7 20. Qe4 f6 21.
Qxc6 Nf8 22. Nh4 Qf7 23. Rad1 a5 24. Qf3 Be6 25. Nf5 Qg6 26. e4 Qf7 27. a4 Kh7
28. Bb2 Bc8 29. h4 g5 30. Ne3 h5 31. Nd5 Ra6 32. Qc3 Ne6 33. Qf3 Nd4 34. Rxd4
exd4 35. Rxd4 Bb7 36. Qc3 Rae6 37. f3 c6 1-0

[Event "25th Belgrade Trophy"]
[Site "Obrenovac SRB"]
[Date "2011.12.01"]
[Round "8.12"]
[White "Pantelic,Sa"]
[Black "Cabrilo,G"]
[Result "1/2-1/2"]
[WhiteTitle "FM"]
[BlackTitle "GM"]
[WhiteElo "2341"]
[BlackElo "2463"]
[WhiteFideId "933210"]
[BlackFideId "900249"]
[EventDate "2011.11.24"]

1. d4 Nf6 2. Nf3 d5 3. c4 e6 4. cxd5 exd5 5. Nc3 c6 6. Bg5 Be7 7. e3 Bf5 8. Bd3
Bxd3 9. Qxd3 Nbd7 10. O-O O-O 11. a3 a5 12. Qc2 Re8 13. Nd2 Bd6 14. Nf3 Qb8 15.
Ne2 Qa7 16. Bf4 Bf8 17. Ne5 Nxe5 18. Bxe5 Nd7 19. Bg3 Nb6 20. a4 Nd7 21. Nc1 Nf6
22. Nd3 Rac8 23. Rfc1 Ne4 1/2-1/2

[Event "25th Belgrade Trophy"]
[Site "Obrenovac SRB"]
[Date "2011.12.01"]
[Round "8.13"]
[White "Cioara,A"]
[Black "Andrijevic,M"]
[Result "1-0"]
[WhiteTitle "IM"]
[BlackTitle "IM"]
[WhiteElo "2453"]
[BlackElo "2333"]
[WhiteFideId "1203509"]
[BlackFideId "901598"]
[EventDate "2011.11.24"]

1. d4 d5 2. c4 e6 3. Nf3 c5 4. cxd5 exd5 5. g3 Nc6 6. Bg2 Nf6 7. O-O Be7 8. Nc3
O-O 9. Bg5 c4 10. Ne5 Be6 11. e3 h6 12. Bxf6 Bxf6 13. f4 Ne7 14. g4 g6 15. Qf3
Bg7 16. Qg3 Kh7 17. Rf2 f5 18. gxf5 gxf5 19. Kh1 Bxe5 20. fxe5 Rg8 21. Qf3 Qd7
22. Ne2 Rg5 23. Nf4 Bf7 24. h4 Rg7 25. Bh3 Rag8 26. Rg2 Rxg2 27. Bxg2 b5 28. a3
a5 29. Bh3 Qc6 30. Kh2 Rg7 31. Ne2 Bg6 32. Rg1 Qe8 33. Ng3 Qg8 34. Rf1 b4 35.
axb4 axb4 36. h5 Bf7 37. Nxf5 Nxf5 38. Qxf5+ Kh8 39. Qf6 Bxh5 40. Be6 Qe8 41.
Qxh6+ 1-0

[Event "25th Belgrade Trophy"]
[Site "Obrenovac SRB"]
[Date "2011.12.01"]
[Round "8.16"]
[White "Miron,L"]
[Black "Videnova,I"]
[Result "1/2-1/2"]
[WhiteTitle "IM"]
[BlackTitle "WGM"]
[WhiteElo "2513"]
[BlackElo "2297"]
[WhiteFideId "1210920"]
[BlackFideId "2907763"]
[EventDate "2011.11.24"]

1. g3 c5 2. Bg2 g6 3. e4 Bg7 4. f4 e6 5. Nf3 Nc6 6. O-O Nge7 7. c3 O-O 8. Na3 b6
9. d3 Bb7 10. Be3 d6 11. Bf2 Qd7 12. Qd2 Rad8 13. Rfe1 e5 14. Rad1 d5 15. exd5
Qxd5 16. Nxe5 Qxg2+ 17. Kxg2 Nxe5+ 18. Kf1 Nf3 19. Rxe7 Nxd2+ 20. Rxd2 Ba6 21.
Ke2 Ra8 22. Kd1 Bf6 23. Re1 Rad8 24. Kc2 Rd7 25. d4 Rdd8 26. Red1 c4 27. b4 Rd5
28. Kb2 b5 29. Nc2 Bb7 30. Ne3 Rd6 31. a4 a6 32. a5 Bd5 33. Nxd5 Rxd5 34. g4 Re8
35. Re1 Kf8 36. Rde2 Rxe2+ 37. Rxe2 Rd7 38. Kc2 Re7 39. Kd2 Bg7 40. f5 gxf5 41.
gxf5 Ke8 42. Be3 Re4 43. Bg5 Rxe2+ 44. Kxe2 f6 45. Bf4 Kd7 46. Ke3 Bf8 47. Ke4
Be7 48. Kd5 Bf8 49. h3 Be7 50. Ke4 Kc6 51. d5+ Kd7 52. Be3 Bf8 53. Ba7 Bh6 54.
Bb8 Bd2 55. Kd4 Be1 56. Bf4 Bf2+ 57. Be3 Be1 58. Bg1 Kd6 59. Bh2+ Kd7 60. Bf4
Bf2+ 61. Be3 Be1 1/2-1/2

[Event "25th Belgrade Trophy"]
[Site "Obrenovac SRB"]
[Date "2011.12.01"]
[Round "8.18"]
[White "Krgovic,V"]
[Black "Anton,T"]
[Result "0-1"]
[BlackTitle "FM"]
[WhiteElo "2250"]
[BlackElo "2380"]
[WhiteFideId "924687"]
[BlackFideId "1213415"]
[EventDate "2011.11.24"]

1. d4 Nf6 2. Nc3 d5 3. Bg5 Nbd7 4. Nf3 h6 5. Bh4 e6 6. e4 g5 7. Bg3 dxe4 8. Nd2
Bg7 9. h4 Nf8 10. Qe2 gxh4 11. Rxh4 Ng6 12. Rh1 Bd7 13. O-O-O Bc6 14. Ndxe4 Nxe4
15. Nxe4 Qd5 16. Nc3 Qg5+ 17. Kb1 O-O-O 18. Qc4 Rd7 19. Be2 Qd8 20. Nb5 Bxb5 21.
Qxb5 Rxd4 22. Qa5 Kb8 23. Rxd4 Qxd4 24. Bxc7+ Kc8 25. c3 Qe4+ 26. Ka1 Qxe2 27.
Bd6 Qc4 28. Qxa7 Rd8 29. Qb8+ Kd7 30. Qxb7+ Ke8 31. Bc7 Qd5 32. Qxd5 Rxd5 33. a4
Kd7 34. Bb6 Kc6 35. Be3 Ra5 36. b3 Bxc3+ 37. Ka2 Bg7 38. Ka3 Bf8+ 39. b4 Rd5 40.
Rc1+ Kb7 41. Kb3 Rd3+ 42. Rc3 Rxc3+ 43. Kxc3 Nh4 44. g4 Nf3 45. b5 Ne5 46. f3
Nxf3 47. a5 Bg7+ 48. Kb3 f5 49. a6+ Kb8 50. gxf5 exf5 51. b6 h5 52. Kc4 h4 53.
Kd5 Bd4 54. Bf4+ Be5 55. Be3 h3 56. Kc6 Nd4+ 57. Kd5 h2 58. Kxe5 h1=Q 0-1

[Event "25th Belgrade Trophy"]
[Site "Obrenovac SRB"]
[Date "2011.12.01"]
[Round "8.21"]
[White "Okilj,T"]
[Black "Dimitrov,At"]
[Result "1/2-1/2"]
[BlackTitle "IM"]
[WhiteElo "2053"]
[BlackElo "2343"]
[WhiteFideId "921912"]
[BlackFideId "2901315"]
[EventDate "2011.11.24"]

1. d4 d5 2. c4 e6 3. Nc3 c5 4. Nf3 cxd4 5. Nxd4 Nc6 6. cxd5 exd5 7. g3 Nf6 8.
Bg2 Be7 9. O-O O-O 10. Nxc6 bxc6 11. Be3 Re8 12. Na4 Ba6 13. Re1 Qa5 14. a3 Ne4
15. b4 Qb5 16. Rc1 h5 17. Qc2 Bf8 18. Bxe4 dxe4 19. Bc5 Bxc5 20. Nxc5 Bc8 21.
Nb3 Be6 22. Na5 e3 23. Qxc6 exf2+ 24. Kxf2 Qf5+ 25. Qf3 Qh3 26. Kg1 Rad8 27. Rc5
Bg4 28. Qf1 Qxf1+ 29. Kxf1 Rd2 30. Rc7 Bxe2+ 31. Kg1 Rd6 32. Nc6 Rd1 33. Rxd1
Bxd1 34. Nd4 Re4 35. Rd7 a6 36. Kf2 Bg4 37. Rd6 g6 38. a4 Kf8 39. Rd8+ Ke7 40.
Nc6+ Kf6 41. Rd2 Rc4 42. b5 Bc8 43. Rd8 axb5 44. axb5 Bb7 45. Na5 Rc7 46. Ke3
Bh1 47. Rd2 Rc5 48. Rb2 Ke5 49. Rb4 Bd5 50. Kd3 f5 51. Nb3 Be4+ 52. Ke3 Rc3+ 53.
Kd2 Rc2+ 54. Kd1 Rxh2 55. b6 Rh1+ 56. Kd2 Rh2+ 57. Ke3 Rb2 58. Rb5+ Kf6 59. b7
Bxb7 60. Rxb7 Kg5 61. Rb5 Rg2 62. Kf3 Rb2 63. Rb7 Rb1 1/2-1/2

[Event "25th Belgrade Trophy"]
[Site "Obrenovac SRB"]
[Date "2011.12.01"]
[Round "8.22"]
[White "Payen,Ar"]
[Black "Maric,Dr"]
[Result "1-0"]
[WhiteTitle "IM"]
[BlackTitle "FM"]
[WhiteElo "2340"]
[BlackElo "2251"]
[WhiteFideId "600814"]
[BlackFideId "903400"]
[EventDate "2011.11.24"]

1. Nf3 Nf6 2. c4 g6 3. Nc3 Bg7 4. g3 O-O 5. Bg2 d5 6. cxd5 Nxd5 7. O-O Nb6 8. d3
c5 9. a4 Nc6 10. a5 Nd5 11. Nxd5 Qxd5 12. Nd2 Qe6 13. Ne4 Nd4 14. Be3 Qg4 15.
Re1 Qh5 16. Rc1 Bf5 17. Rxc5 b6 18. Rc4 Rad8 19. Bxd4 Bxd4 20. Bf3 Qh6 21. b4
Bxe4 22. Bxe4 f5 23. Bf3 f4 24. Rxd4 Rxd4 25. Qb3+ Kh8 26. axb6 axb6 27. b5 Rd6
28. Bg2 Qg5 29. Ra1 Rdf6 30. Qb2 fxg3 31. hxg3 Kg7 32. Ra7 Qc5 33. Rd7 h5 34. d4
Qf5 35. Rxe7+ R8f7 36. Re5 Qd7 37. Qd2 Rf5 38. Qe3 Rxe5 39. Qxe5+ Kh7 40. Be4
Kh6 41. Qh8+ Rh7 42. Qf8+ Rg7 43. Qf4+ Kh7 44. Qg5 Kg8 45. Bd5+ Kh7 46. Be4 Kg8
47. e3 Qg4 48. Bd5+ Kh7 49. Qxg4 hxg4 50. Be6 g5 51. Bxg4 Kg6 52. Kg2 Rf7 53. f4
Kf6 54. Kf3 Ra7 55. Bh3 Rh7 56. Bf1 Rg7 57. e4 g4+ 58. Ke3 Ra7 59. e5+ Kf5 60.
Bd3+ Ke6 61. Ke4 Ra1 62. f5+ Ke7 63. f6+ Kf8 64. Be2 Ra3 65. Bxg4 Rxg3 66. Bd7 1-0

[Event "25th Belgrade Trophy"]
[Site "Obrenovac SRB"]
[Date "2011.12.01"]
[Round "8.23"]
[White "Nenezic,M"]
[Black "Cetkovic,Mi"]
[Result "1/2-1/2"]
[BlackTitle "IM"]
[WhiteElo "2329"]
[BlackElo "2247"]
[WhiteFideId "912123"]
[BlackFideId "907588"]
[EventDate "2011.11.24"]

1. Nf3 f5 2. d3 Nf6 3. e4 d6 4. exf5 Bxf5 5. d4 c6 6. Bd3 Bg4 7. O-O Nbd7 8. h3
Bxf3 9. Qxf3 e5 10. Qg3 Qc7 11. dxe5 dxe5 12. Nd2 O-O-O 13. Nc4 Bc5 14. Bf5 g6
15. Bxd7+ Nxd7 16. Bg5 Rde8 17. Rfe1 Rhf8 18. Be3 Bxe3 19. Rxe3 b5 20. Nd2 Re6
21. a4 Kb7 22. Ne4 Re7 23. Rb3 Nb6 24. axb5 cxb5 25. Rxb5 Ka8 26. Rc5 Qb8 27.
Qb3 Rd8 28. Rca5 Rd4 29. Qb5 Nc8 30. Qxb8+ Kxb8 31. R1a4 Nb6 32. Rxd4 exd4 33.
f3 Rc7 34. Rc5 Nc4 35. Rb5+ Rb7 36. Rxb7+ Kxb7 37. Nc5+ Kc6 38. Nd3 Ne3 39. Ne1
Kd5 40. f4 Nd1 41. Nd3 Ne3 1/2-1/2

[Event "25th Belgrade Trophy"]
[Site "Obrenovac SRB"]
[Date "2011.12.01"]
[Round "8.26"]
[White "Dimitrijevic,Sa"]
[Black "Hrzic,I"]
[Result "0-1"]
[BlackTitle "FM"]
[WhiteElo "1878"]
[BlackElo "2303"]
[WhiteFideId "941409"]
[BlackFideId "922838"]
[EventDate "2011.11.24"]

1. Nf3 d5 2. d4 Nc6 3. g3 Bf5 4. a3 e6 5. Bg2 Nf6 6. Nbd2 Ne4 7. O-O Be7 8. e3
O-O 9. Nxe4 Bxe4 10. b3 Bf6 11. Bb2 Ne7 12. Ne1 Bxg2 13. Nxg2 c5 14. c3 Qc7 15.
Nf4 g6 16. Rc1 c4 17. b4 a5 18. Ra1 Bg7 19. Qf3 Qc6 20. Rfd1 Nf5 21. Qe2 Ra6 22.
Rdb1 Rfa8 23. Qd1 b5 24. Ng2 Nd6 25. f3 Nc8 26. Ne1 Nb6 27. Qc1 Na4 28. Nc2 Bf8
29. Kf2 R8a7 30. Ra2 Qa8 31. Rba1 axb4 32. Nxb4 Bxb4 33. cxb4 c3 34. Bxc3 Rc7
35. Rc2 Rac6 0-1

[Event "25th Belgrade Trophy"]
[Site "Obrenovac SRB"]
[Date "2011.12.01"]
[Round "8.29"]
[White "Blesic,V"]
[Black "Pantovic,D"]
[Result "1-0"]
[WhiteTitle "FM"]
[WhiteElo "2388"]
[BlackElo "2133"]
[WhiteFideId "930733"]
[BlackFideId "915211"]
[EventDate "2011.11.24"]

1. d4 Nf6 2. c4 e6 3. Nc3 Bb4 4. e3 b6 5. Ne2 c5 6. a3 Ba5 7. Ng3 Bb7 8. Bd2 O-O
9. Bd3 Nc6 10. O-O Rb8 11. Rc1 Ba6 12. Qa4 h5 13. Rfd1 h4 14. Nge2 Bb7 15. h3 a6
16. Bb1 Nh5 17. d5 Bxc3 18. Bxc3 exd5 19. cxd5 Ne7 20. Qxh4 g6 21. Nf4 1-0